000 00355nam a2200157Ia 4500
003 0STCL
008 150530s9999 xx 000 0 und d
040 _aSTCL
_cSTCL
100 _aDixon, M.W.
245 _aEnglish poetry from blake to browning
260 _c1894
546 _aEnglish
942 _2ddc
_cBK
999 _c51502
_d51502
005 20220125170842.0